Central Library OPAC University of Rajshahi

Standard encyclopedia of the world's oceans and islands / (Record no. 31244)

MARC details
000 -LEADER
fixed length control field 00653nam a2200229 a 4500
001 - CONTROL NUMBER
control field 31244
003 - CONTROL NUMBER IDENTIFIER
rucl marc code BD-RjUL
005 - DATE AND TIME OF LATEST TRANSACTION
control field 20211209051657.0
008 - FIXED-LENGTH DATA ELEMENTS--GENERAL INFORMATION
fixed length control field 140413s1962 nyu e 001 0 d
035 ## - SYSTEM CONTROL NUMBER
System control number (BD-RjUL)31331
040 ## - CATALOGING SOURCE
Original cataloging agency XNLS
Language of cataloging eng
Transcribing agency XNLS
Modifying agency BD-RjUL
041 ## - LANGUAGE CODE
Language code of text/sound track or separate title eng
082 00 - DEWEY DECIMAL CLASSIFICATION NUMBER
Classification number R 910.3
Author mark and year STA 1962
245 00 - TITLE STATEMENT
Title Standard encyclopedia of the world's oceans and islands /
Statement of responsibility, etc. edited by Anthony Huxley.
260 ## - PUBLICATION, DISTRIBUTION, ETC. (IMPRINT)
Place of publication, distribution, etc. New York :
Name of publisher, distributor, etc. Putnam,
Date of publication, distribution, etc. c1962.
300 ## - PHYSICAL DESCRIPTION
Pagination 383p. :
Size 22 cm.
Illustrations ill. ;
504 ## - BIBLIOGRAPHY, ETC. NOTE
Bibliography, etc Includes index.
650 #0 - SUBJECT ADDED ENTRY--TOPICAL TERM
Topical term or geographic name as entry element Islands.
9 (RLIN) 95072
Topical term or geographic name as entry element Oceans.
9 (RLIN) 95073
700 1# - ADDED ENTRY--PERSONAL NAME
Personal name Huxley, Anthony Julian.
942 ## - ADDED ENTRY ELEMENTS (KOHA)
Source of classification or shelving scheme Dewey Decimal Classification
Koha item type Books
Holdings
Lost status Source of classification or shelving scheme Damaged status Not for loan Collection code Permanent Location Current Location Shelving location Date acquired Source of acquisition Total Checkouts Full call number Date last seen Copy number Koha item type
  Dewey Decimal Classification   Not For Loan Non-fiction Central Library, University of Rajshahi Central Library, University of Rajshahi Reading Room 21/12/1970 Sweet & Zeitlinger   R 910.3 STA 1962 13/04/2014 C-1 Books